000 00276nam a22001337a 4500
008 171023b xxu||||| |||| 00| 0 eng d
020 _a32778 001
041 _aeng
080 _a311
100 _a55
101 _aSTA
245 _aSPSS 16.0
_cNORUSIS,M.J
942 _2udc
_cBK
999 _c35561
_d35561